Brunner and Suddarth's Textbook of Adult Health Nursing Vol 1 (Record no. 369261)

MARC details
000 -LEADER
fixed length control field 00675nam a2200193 4500
005 - DATE AND TIME OF LATEST TRANSACTION
control field 20251205122258.0
008 - FIXED-LENGTH DATA ELEMENTS--GENERAL INFORMATION
fixed length control field 251203b |||||||| |||| 00| 0 eng d
020 ## - INTERNATIONAL STANDARD BOOK NUMBER
International Standard Book Number 978-93-48816-97-9
041 ## - LANGUAGE CODE
Language code of text/sound track or separate title Eng
082 ## - DEWEY DECIMAL CLASSIFICATION NUMBER
Edition number 3rd. ed.
Classification number MS 610.7361 SHA B11926
100 ## - MAIN ENTRY--PERSONAL NAME
Author Sharma Suresh and Madhavi S.
245 ## - TITLE STATEMENT
Title Brunner and Suddarth's Textbook of Adult Health Nursing Vol 1
250 ## - EDITION STATEMENT
Edition statement 3rd ed.(SAE)
260 ## - PUBLICATION, DISTRIBUTION, ETC.
Place of publication, distribution, etc. Haryana
Name of publisher, distributor, etc. Wolters Kluwer
Date of publication, distribution, etc. 2025
300 ## - PHYSICAL DESCRIPTION
Extent xxvi,1186p.A15p,B-10p,Index-37p
Other physical details pb
Dimensions 27.5x21.5cm
365 ## - TRADE PRICE
Price type code Rupaye
Price amount 1705
Currency code INR
521 ## - TARGET AUDIENCE NOTE
Target audience note Brunner and Suddarth's Textbook of Adult Health Nursing Vol.1<br/>Appendix A15p,B-10p,Index-37p
942 ## - ADDED ENTRY ELEMENTS (KOHA)
Koha item type Books
Holdings
Withdrawn status Lost status Source of classification or shelving scheme Damaged status Not for loan Collection code Home library Current library Date acquired Vendor Net Price Bill number Total Checkouts Full call number Barcode Date last seen Discount Actual Price Bill Date Koha item type Original Barcode Date due Date last checked out
    Dewey Decimal Classification   Reference Reference Smt. Bakul Tambat Institute of Nursing Education Smt. Bakul Tambat Institute of Nursing Education 18/11/2025 Patil Medical Book 1057.10 2026   MS 610.7361 SHA B11926 BTIN-BK-11926 03/12/2025 38% 1705.00 29/10/2025 Books BTIN-BK-11926    
    Dewey Decimal Classification     Non-fiction Smt. Bakul Tambat Institute of Nursing Education Smt. Bakul Tambat Institute of Nursing Education 18/11/2025 Patil Medical Book 1057.10 2026 1 MS 610.7361 SHA B11927 BTIN-BK-11927 12/02/2026 38% 1705.00 29/10/2025 Books BTIN-BK-11927 11/08/2026 12/02/2026